Normal view
MARC view
Entry Personal Name
001 - CONTROL NUMBER
- control field: 1222376
003 - CONTROL NUMBER IDENTIFIER
- control field: OSt
005 - DATE AND TIME OF LATEST TRANSACTION
- control field: 20260324145254.0
008 - FIXED-LENGTH DATA ELEMENTS
- fixed length control field: 260324|| aca||aabn | a|a d
040 ## - CATALOGING SOURCE
- Original cataloging agency: OSt
- Transcribing agency: OSt
100 ## - HEADING--PERSONAL NAME
- Personal name: Miwa; Hayaishi; Takashi Sugimura; Smulson; Shall
670 ## - SOURCE DATA FOUND
- Source citation: Work cat.: (OSt)1830048: Miwa; Hayaishi; Takashi Sugimura; Smulson; Shall, Proceedings of the International Symposia of the Princess Takamatsu Cancer Research Fund, Volume 13 ADP-Ribosylation, DNA Repair and Cancer
